000 00444nam a22001217a 4500
008 230612b xxu||||| |||| 00| 0 eng d
082 _a352.4908
_bKEN
245 _aThe Appropriation Accounts and Other Public Accounts Details Excluding Accounts of the Funds of the Republic of Kenya for the Year2001/2002
_cGovernment of Kenya
260 _aKenya
_bGovernment of Kenya
_c2002
300 _a546 p
710 _cGovernment of Kenya
942 _2ddc
_cBK
999 _c1091
_d1091